ARRUPE JESUIT UNIVERSITY

CORONAVIRUS -STOP THE SPREAD - CLEAN,DISINFECT,COVER

Combating Human Trafficking: Voices from East, West and Southern Africa (Record no. 130631)

MARC details
000 -LEADER
fixed length control field 00503nam a22001457a 4500
008 - FIXED-LENGTH DATA ELEMENTS--GENERAL INFORMATION
fixed length control field 210702b ||||| |||| 00| 0 eng d
020 ## - INTERNATIONAL STANDARD BOOK NUMBER
International Standard Book Number 9781779257550
050 ## - LIBRARY OF CONGRESS CALL NUMBER
Classification number HQ281.C532 2021
100 ## - MAIN ENTRY--PERSONAL NAME
Personal name Chikwekwete, Miriam (ed.)
9 (RLIN) 50174
245 ## - TITLE STATEMENT
Title Combating Human Trafficking: Voices from East, West and Southern Africa
260 ## - PUBLICATION, DISTRIBUTION, ETC. (IMPRINT)
Place of publication, distribution, etc Harare
Name of publisher, distributor, etc African Forum for Catholic Social Teaching (AFCAST)
Date of publication, distribution, etc 2021
300 ## - PHYSICAL DESCRIPTION
Extent vi; 162p
Dimensions 20cm.
700 ## - ADDED ENTRY--PERSONAL NAME
Personal name McLaughlin, Janice (ed.)
9 (RLIN) 27911
942 ## - ADDED ENTRY ELEMENTS (KOHA)
Source of classification or shelving scheme Library of Congress Classification
Item type Monograph ( Printed materials)
Holdings
Withdrawn status Lost status Source of classification or shelving scheme Damaged status Not for loan Home library Current library Date acquired Total Checkouts Full call number Barcode Date last seen Price effective from Koha item type
    Library of Congress Classification     ARRUPE LIBRARY ARRUPE LIBRARY 02/07/2021   HQ281.C532 2021 46600008270 02/07/2021 02/07/2021 Monograph ( Printed materials)
    Library of Congress Classification     ARRUPE LIBRARY ARRUPE LIBRARY 05/07/2021   HQ281.C532 2021 46600008273 05/07/2021 05/07/2021 Monograph ( Printed materials)

 

Arrupe Library. PO Box MP320 Mt Pleasant, Harare, Zimbabwe
263 242 745411|librarian@aju.ac.zw